Azerbaijani Baby Boy Names by Decade - Statistics

General Stats
  • This quiz has been taken 13 times
    12 since last reset
  • The average score is 7 of 30
Answer Stats
Decades Name % Correct
2020, 2010, 2000, 1990 Əli
78%
2020 Məhəmməd
78%
2020 Ayxan
44%
2020 Ömər
44%
2010, 1990, 1980 Anar
33%
2020 Hüseyn
33%
2010, 2000, 1990, 1980 Samir
33%
2010, 1980 Vüsal
33%
2010, 1980 Elçin
22%
2000, 1990, 1980 Elvin
22%
2000 Emil
22%
2000 Emin
22%
2000 Fərid
22%
2000 Kənan
22%
2020, 2000, 1990 Murad
22%
2010, 1980 Rəşad
22%
1990, 1980 Tural
22%
2010, 1990, 1980 Elnur
11%
2010 Elşən
11%
2010 İlqar
11%
1990 Kamran
11%
1990 Nicat
11%
1990 Orxan
11%
1980 Ramin
11%
2020 Raul
11%
2000, 1980 Ruslan
11%
2010 Vüqar
11%
2020, 2000 Yusif
11%
2020 Adəm
0%
2020 Tunar
0%
No matching quizzes found
Score Distribution
Percent of People with Each Score
Percentile by Number Answered
Your Score History
You have not taken this quiz since the last reset